<?xml version="1.0" encoding="UTF-8"?>
<record
    xmlns:xsi="http://www.w3.org/2001/XMLSchema-instance"
    xsi:schemaLocation="http://www.loc.gov/MARC21/slim http://www.loc.gov/standards/marcxml/schema/MARC21slim.xsd"
    xmlns="http://www.loc.gov/MARC21/slim">

  <leader>     nam a22     7a 4500</leader>
  <datafield tag="999" ind1=" " ind2=" ">
    <subfield code="c">52268</subfield>
    <subfield code="d">52268</subfield>
  </datafield>
  <controlfield tag="003">OSt</controlfield>
  <controlfield tag="005">20220613153358.0</controlfield>
  <controlfield tag="008">220613b        xxu||||| |||| 00| 0 eng d</controlfield>
  <datafield tag="040" ind1=" " ind2=" ">
    <subfield code="c">IIMT UNIVERSITY MEERUT</subfield>
  </datafield>
  <datafield tag="100" ind1=" " ind2=" ">
    <subfield code="a">PHOGAT , NISHA</subfield>
  </datafield>
  <datafield tag="245" ind1=" " ind2=" ">
    <subfield code="a">REVIEW OF DETAILED DRUGS VOL-2</subfield>
  </datafield>
  <datafield tag="250" ind1=" " ind2=" ">
    <subfield code="a">1 ST</subfield>
  </datafield>
  <datafield tag="260" ind1=" " ind2=" ">
    <subfield code="a">JAIPUR</subfield>
    <subfield code="b">SPH</subfield>
    <subfield code="c">2017</subfield>
  </datafield>
  <datafield tag="300" ind1=" " ind2=" ">
    <subfield code="a">166</subfield>
  </datafield>
  <datafield tag="942" ind1=" " ind2=" ">
    <subfield code="2">ddc</subfield>
    <subfield code="c">01</subfield>
  </datafield>
  <datafield tag="952" ind1=" " ind2=" ">
    <subfield code="0">0</subfield>
    <subfield code="1">0</subfield>
    <subfield code="2">ddc</subfield>
    <subfield code="4">0</subfield>
    <subfield code="7">0</subfield>
    <subfield code="a">30</subfield>
    <subfield code="b">30</subfield>
    <subfield code="d">2022-05-31</subfield>
    <subfield code="e">RAM</subfield>
    <subfield code="f">AYURVEDA</subfield>
    <subfield code="g">150.00</subfield>
    <subfield code="i">126</subfield>
    <subfield code="l">2</subfield>
    <subfield code="o">635.7 PHO</subfield>
    <subfield code="p">30-B-4025</subfield>
    <subfield code="r">2024-11-30</subfield>
    <subfield code="s">2024-11-30</subfield>
    <subfield code="w">2022-06-13</subfield>
    <subfield code="y">01</subfield>
  </datafield>
  <datafield tag="952" ind1=" " ind2=" ">
    <subfield code="0">0</subfield>
    <subfield code="1">0</subfield>
    <subfield code="2">ddc</subfield>
    <subfield code="4">0</subfield>
    <subfield code="7">0</subfield>
    <subfield code="a">30</subfield>
    <subfield code="b">30</subfield>
    <subfield code="d">2022-05-31</subfield>
    <subfield code="e">RAM</subfield>
    <subfield code="f">AYURVEDA</subfield>
    <subfield code="g">150.00</subfield>
    <subfield code="i">126</subfield>
    <subfield code="l">0</subfield>
    <subfield code="o">635.7 PHO</subfield>
    <subfield code="p">30-B-4026</subfield>
    <subfield code="r">2022-06-13</subfield>
    <subfield code="w">2022-06-13</subfield>
    <subfield code="y">01</subfield>
  </datafield>
  <datafield tag="952" ind1=" " ind2=" ">
    <subfield code="0">0</subfield>
    <subfield code="1">0</subfield>
    <subfield code="2">ddc</subfield>
    <subfield code="4">0</subfield>
    <subfield code="7">0</subfield>
    <subfield code="a">30</subfield>
    <subfield code="b">30</subfield>
    <subfield code="d">2022-05-31</subfield>
    <subfield code="e">RAM</subfield>
    <subfield code="f">AYURVEDA</subfield>
    <subfield code="g">150.00</subfield>
    <subfield code="i">126</subfield>
    <subfield code="l">0</subfield>
    <subfield code="o">635.7 PHO</subfield>
    <subfield code="p">30-B-4027</subfield>
    <subfield code="r">2022-06-13</subfield>
    <subfield code="w">2022-06-13</subfield>
    <subfield code="y">01</subfield>
  </datafield>
  <datafield tag="952" ind1=" " ind2=" ">
    <subfield code="0">0</subfield>
    <subfield code="1">0</subfield>
    <subfield code="2">ddc</subfield>
    <subfield code="4">0</subfield>
    <subfield code="7">0</subfield>
    <subfield code="a">30</subfield>
    <subfield code="b">30</subfield>
    <subfield code="d">2022-05-31</subfield>
    <subfield code="e">RAM</subfield>
    <subfield code="f">AYURVEDA</subfield>
    <subfield code="g">150.00</subfield>
    <subfield code="i">126</subfield>
    <subfield code="l">19</subfield>
    <subfield code="o">635.7 PHO</subfield>
    <subfield code="p">30-B-4028</subfield>
    <subfield code="r">2025-12-16</subfield>
    <subfield code="s">2025-12-16</subfield>
    <subfield code="w">2022-06-13</subfield>
    <subfield code="y">01</subfield>
  </datafield>
  <datafield tag="952" ind1=" " ind2=" ">
    <subfield code="0">0</subfield>
    <subfield code="1">0</subfield>
    <subfield code="2">ddc</subfield>
    <subfield code="4">0</subfield>
    <subfield code="7">0</subfield>
    <subfield code="a">30</subfield>
    <subfield code="b">30</subfield>
    <subfield code="d">2022-05-31</subfield>
    <subfield code="e">RAM</subfield>
    <subfield code="f">AYURVEDA</subfield>
    <subfield code="g">150.00</subfield>
    <subfield code="i">126</subfield>
    <subfield code="l">14</subfield>
    <subfield code="o">635.7 PHO</subfield>
    <subfield code="p">30-B-4029</subfield>
    <subfield code="r">2025-03-17</subfield>
    <subfield code="s">2025-03-17</subfield>
    <subfield code="w">2022-06-13</subfield>
    <subfield code="y">01</subfield>
  </datafield>
</record>
